| 000 | 00711nam a22002417a 4500 | ||
|---|---|---|---|
| 005 | 20240814173957.0 | ||
| 008 | s1978 eng d | ||
| 041 | _aeng | ||
| 100 | 0 | _aBurda, Andrzel | |
| 245 | 1 | 0 | _aParliament of the Plish People's Republic |
| 260 | 3 |
_aWarszawa : _bZaklad Narodowy, _c1978 |
|
| 300 |
_a175 p. ; _b 20 cm. |
||
| 650 | 0 | 4 | _aLegislative bodies -- Poland |
| 650 | 0 | 4 | _aParliament of the Polish People's Republic |
| 650 | 0 | 4 | _aParliaments |
| 650 | 0 | 4 | _aParliaments -- Poland |
| 650 | 0 | 4 | _aParliaments -- Rules and procedure |
| 850 | _aNALT | ||
| 942 | _cLB | ||
| 997 | _c000000000020853 | ||
| 998 |
_aSANG-AROON ANU-KRAUGH _j25 _k นีลวัสน์ อินทรักษา |
||
| 999 |
_c20853 _d20853 |
||
| 090 | _aKD219.P7.1 B87P 1978 | ||